00912 2200313 4500001002100000005001500021035002500036008004100061020002200102040001700124082001400141084001600155100002800171245009100199250002000290260003000310300004000340650001000380650002900390700002400419700003200443850001200475007000300487090002000490090002200510999002200532990002200554990002200576INLIS00000000001592520200506103857 a0010-011600000000016160104s2014 yoia ind d a978-979-29-4599-7 aYOPDYOGbind04222a923.4 a923.4 RAT p0 aRatih Maharaniepenulis00aPara hakim Israel /cRatih Maharani ; ilustrator, A.Osa ; editor, Sisilia Triana Dewi. aCetakan pertama aYogyakarta :bNain,c2014 ax, 45 halaman :bilustrasi ;c28 cm 4aHakim 4aAlkitab--xCerita-cerita1 aOsa, A.eilustrator0 aSisilia Triana Dewieeditor aYOPDYOGta aDEP 923.4 RAT p aCB-D.11 2014-1701 aCB-D.11/2014-1701 aCB-D.11/2014-1701 aCB-D.11/2014-1701